American miniatures, 1730-1850 (Record no. 6914)

MARC details
000 -CABECERA
campo de control de longitud fija 00882nam a2200241 a 4500
001 - NÚMERO DE CONTROL
campo de control BRCA_7233
005 - FECHA Y HORA DE LA ÚLTIMA TRANSACCIÓN
campo de control 20190320205748.0
008 - DATOS DE LONGITUD FIJA--INFORMACIÓN GENERAL
campo de control de longitud fija 240112s19371927nyuac#####---#000-0#eng-#
041 ## - CÓDIGO DE LENGUA
Código de lengua del texto/banda sonora o título independiente eng
044 ## - CÓDIGO DEL PAÍS DE LA ENTIDAD EDITORA/PRODUCTORA
Código MARC del país nyu
050 #4 - SIGNATURA TOPOGRÁFICA DE LA BIBLIOTECA DEL CONGRESO
Número de clasificación N7616
Número de documento/Ítem .W44 1937
100 1# - ENTRADA PRINCIPAL--NOMBRE DE PERSONA
Nombre de persona Wehle, Harry B.
Fechas asociadas al nombre b. 1887.
Forma completa/desarrollada del nombre (Harry Brandeis)
9 (RLIN) 17917
245 10 - MENCIÓN DE TÍTULO
Título American miniatures, 1730-1850
Resto del título one hundred and seventy-three portraits selected with a descriptive account
Mención de responsabilidad, etc. by Harry B. Wehle; & a biographical dictionary of the artists by Theodore Bolton.
260 ## - PUBLICACIÓN, DISTRIBUCIÓN, ETC.
Lugar de publicación, distribución, etc. Garden City, Nueva York
Nombre del editor, distribuidor, etc. Garden City
Fecha de publicación, distribución, etc. 1937, c1927
300 ## - DESCRIPCIÓN FÍSICA
Extensión xxv, 127 p.
Otras características físicas il. (algunas a color), 48 láminas, retratos
Dimensiones 28 cm.
500 ## - NOTA GENERAL
Nota general Incluye índice alfabético
500 ## - NOTA GENERAL
Nota general P198
650 14 - PUNTO DE ACCESO ADICIONAL DE MATERIA--TÉRMINO DE MATERIA
Término de materia o nombre geográfico como elemento de entrada Miniaturas
9 (RLIN) 17918
650 14 - PUNTO DE ACCESO ADICIONAL DE MATERIA--TÉRMINO DE MATERIA
Término de materia o nombre geográfico como elemento de entrada Pintores estadounidenses
9 (RLIN) 13443
700 1# - PUNTO DE ACCESO ADICIONAL--NOMBRE DE PERSONA
Nombre de persona Bolton, Theodore
9 (RLIN) 17919
902 ## - CATALOGADOR
Iniciales GFM
942 ## - ELEMENTOS DE PUNTO DE ACCESO ADICIONAL (KOHA)
Fuente del sistema de clasificación o colocación Library of Congress Classification
Tipo de ítem Koha Libros
Holdings
Estado de retiro Estado de pérdida Estado dañado No para préstamo Localización permanente Ubicación/localización actual Fecha de adquisición Número de inventario Total de préstamos Signatura topográfica completa Código de barras Fecha visto por última vez Precio válido a partir de Tipo de ítem Koha
El ejemplar forma parte de la colección y puede ser consultado según las políticas vigentes.       Biblioteca del Museo Franz Mayer (Rogerio Casas-Alatriste) Biblioteca del Museo Franz Mayer (Rogerio Casas-Alatriste) 24/01/2012 P198   N7616 .W44 1937 (P198) 7691 22/03/2019 22/03/2019 Libros